000 00601nmm a2200193Ia 4500
008 251105s9999||||xx |||||||||||||||||und||
020 _a8497880315
041 _aspa
100 _aJiménez Zarco, Ana Isabel
245 0 _aDirección de productos y marcas
264 _a[Madrid, España] :
_bUniversitat Oberta de Catalunya,
_c2004
300 _a252 páginas
650 _aEconomics and Business
700 _aJiménez Zarco, Ana Isabel
700 1 _a Calderón García, Haydeé
700 1 _a Delgado Ballester, Elena
856 _uhttps://public.digitaliapublishing.com/a/985
942 _cCF
999 _c67262
_d67262